Регионална библиотека "Любен Каравелов" - Русе

Анатомия на човека (Запис номер 182026)

MARC детайли
000 -Лидер
Контролно поле с фиксирана дължина 01464nam a2200337 c 4500
003 - Код на организацията, давaща контролен номер
Контролно поле BLK
005 - Дата и час на последна редакция
Контролно поле 20221206153125.0
008 - Елементи от данни с фиксирана дължина
fixed length control field 180411b bul|||||r ||||||| ||bul||
010 ## - Наследен системен номер
LC control number KNG00190949000
040 ## - Източник на каталожния запис
Идентификатор на билиотеката - собственик на записа BLK
041 ## - Код за език
Код за езика на текст/звукозапис или на отделно заглавие Български
Код за езика КДБФ Български
080 ## - УДК
Текстов определител УДК Анатомия. Вж и 572 ; 591.4 ; 616.1/.9 ; 343.9 ; 743
УДК код - определител по УДК 611
УДК определител (075.8)
УДК - код + определител 611(075.8)
100 1# - Редна дума - Автор
Автор Гълъбов, Георги Петров
R(LIN) 372176
139 ## - Редно поле
Редна дума Гълъбов, Георги Петров и др.
Авторски знак Гъл - Г 96
245 10 - Сведения за заглавието
Заглавие Анатомия на човека
Подзаглавни данни Учебник за ВИФ Г. Димитров : Ч. 1 -
Редно поле (дума) Георги Петров Гълъбов; съавт. Спиридон Тодоров Моров; съавт. Рачо Панайотов Косев.
Том Ч. 1
257 ## - Страна на издаване
Страна на създаване/издаване България
260 ## - Област на издателските данни
-- София
Име на издателя, разпространителя и проч. Медицина и физкултура
Година на издаване 1957 -
300 ## - Физическа характеристика
Размери/Мащаб 25 см
380 ## - Жанр
Жанр Медицина
650 #4 - Допълнително описание по предмет – тема
Основно описание – тема или топоним Анатомия - учебници за ВУЗ
9 (RLIN) 241831
653 ## - Ключова дума – ненормативна
Ключова дума анатомия
653 ## - Ключова дума – ненормативна
Ключова дума учебници за ВУЗ
700 1# - Други автори (авторска отговорност)
Лично име Моров, Спиридон Тодоров
Автороска отговорност (Описва отношението между автора и произведението) съавт.
9 (RLIN) 338573
700 1# - Други автори (авторска отговорност)
Лично име Косев, Рачо Панайотов
Автороска отговорност (Описва отношението между автора и произведението) съавт.
9 (RLIN) 383905
760 1# - Описание на основната серия
Редна дума на основното описание Гълъбов, Георги Петров
Място на издаване, издател и година 1957
Страници - том 347 с. : с ил.
Заглавие Ч. 1
852 ## - Местоположение
Форматна сигнатура Цб 9178
856 4# - Електронен адрес и достъп
Електронен формат pdf - файл
Път до файла /url/
856 4# - Електронен адрес и достъп
Електронен формат pdf - файл
Път до файла /url/
942 ## - АРТИКУЛИ
Вид на библиотечния материал Книги
Скрит в OPAC Не
944 ## - СЪЗДАВАНЕ И РЕДАКЦИЯ на ЗАПИСА
Създаване/Редакция Създаване
Дата на регистрацията/редакция 28.09.2016
Служител, извършил регистрацията/редакцията Камелия_Данева
944 ## - СЪЗДАВАНЕ И РЕДАКЦИЯ на ЗАПИСА
Създаване/Редакция Редакция
Дата на регистрацията/редакция 28.09.2016
Служител, извършил регистрацията/редакцията Камелия_Данева
999 ## - СИСТЕМНИ КОНТРОЛНИ НОМЕРА
Koha biblionumber 182026
Koha biblioitemnumber 182026
Наличности
Код за отписване Код за изгубен артикул Източник на класификационната схема Код за повреда Коз за рестрикции Код за отдаване Артикулен № Име на библиотеката - собственик Име на библиотеката, в която се намира в момента Статус (Текущо местоположение) Дата на вписване в системата Местоположение - отдел Цена в лева Инвентарен номер Систематично азбучна сигнатура Баркод Номер на екземпляра Цена в евро Служебна бележка Служебен тип на артикула
  Не е изгубен Universal Decimal Classification Не е повреден без рестрикции ползва се в читалня 312014 Регионална библиотека "Любен Каравелов" Русе Регионална библиотека "Любен Каравелов" Русе Хранилище 1957-01-01 Основен фонд - ползва се само за читалня 1.27 3996/58 Цб 9178 900000084397 1 0.65 N: стар фонд Дата: 01.01.1957 Книги
Изтеглен Не е изгубен Universal Decimal Classification Не е повреден без рестрикции заемане за дома 312015 Регионална библиотека "Любен Каравелов" Русе Регионална библиотека "Любен Каравелов" Русе Заемна - подръчен фонд 1957-01-01 Заемна - подръчен фонд 0.00 3995/58 П 611/Г 96 3995/58 2 0.00 N: стар фонд Дата: 01.01.1957 Книги
Изтеглен Не е изгубен Universal Decimal Classification Не е повреден без рестрикции заемане за дома 312016 Регионална библиотека "Любен Каравелов" Русе Регионална библиотека "Любен Каравелов" Русе Заемна - подръчен фонд 1957-01-01 Заемна - подръчен фонд 0.00 3994/58 П 611/Г 96 3994/58 3 0.00 N: стар фонд Дата: 01.01.1957 Книги
Изтеглен Не е изгубен Universal Decimal Classification Не е повреден без рестрикции заемане за дома 312017 Регионална библиотека "Любен Каравелов" Русе Регионална библиотека "Любен Каравелов" Русе Заемна - подръчен фонд 1957-01-01 Заемна - подръчен фонд 0.00 3993/58 П 611/Г 96 3993/58 4 0.00 N: стар фонд Дата: 01.01.1957 Книги
Vip Innovations Ltd, Rousse, Bulgaria 2025